| 000 | 00555nam a22001937a 4500 | ||
|---|---|---|---|
| 003 | OSt | ||
| 005 | 20251119114147.0 | ||
| 008 | 251119b |||||||| |||| 00| 0 eng d | ||
| 020 | _a0273693107 | ||
| 040 | _aSEKU | ||
| 050 |
_aHF 5635 _b.W87 2005 |
||
| 100 | _aWood Frank | ||
| 245 |
_aFrank Wood's business accounting 2 / _cFrank Wood ; Alan Sangster. |
||
| 260 |
_aHarlow, England : _bPrentice Hall, _c2005. |
||
| 300 |
_a821 p.: _bill. |
||
| 650 | _2Accounting | ||
| 700 | _aSangster, Alen | ||
| 942 |
_2lcc _cGEN _hHF 5635 _i.W87 2005 |
||
| 999 |
_c18633 _d18633 |
||